000
00341nam a2200145Ia 4500
100
_a
Simonds Fred
942
_c
BK
654
_a
lan communication handbook
245
_a
Mc Graw Hill LAN Communications Handbook
260
_b
Mc Graw Hill
_a
New York
_c
1994
082
_a
4.68
_b
SIM
300
_a
444
546
_a
ENGLISH
999
_c
32366
_d
32366